10 meistgestreamte Künstler aller Zeiten auf Spotify - Statistiken

Allgemein
  • Dieses Quiz wurde 268 mal gespielt
  • Das Durchschnittsergebnis liegt bei 3 aus 10
Answers on the Grid
Answers color-coded by a green-red scale on the quiz's grid according to % correct below.
Juice WRLD
Drake
Bad Bunny
Lady Gaga
Eminem
Michael Jackson
Ariana Grande
Ed Sheeran
Linkin Park
Olivia Rodrigo
Billie Eilish
Post Malone
Kanye West
Coldplay
Rihanna
Taylor Swift
Beyoncé
SZA
Queen
The Weekend
 
Antwortstatistiken
Antwort % Korrekt
Taylor Swift
64%
Ed Sheeran
51%
The Weekend
42%
Drake
39%
Billie Eilish
32%
Bad Bunny
26%
Eminem
24%
Post Malone
21%
Ariana Grande
18%
Kanye West
9%
Keine übereinstimmenden Quizze gefunden
Verteilung der Resultate
Anzahl Personen mit jedem Resultat
Perzentil nach korrekt beantworteten Fragen
Ihre Resultats-Entwicklung
Sie haben dieses Quiz noch nicht gespielt